| 000 | 00575nam a22001817a 4500 | ||
|---|---|---|---|
| 999 |
_c193981 _d193981 |
||
| 005 | 20221130123619.0 | ||
| 010 | _aENG-135603 | ||
| 020 |
_a9788193966822 _c450.00 |
||
| 035 | _aEN-119135 | ||
| 037 | _bDBAD/PUB | ||
| 082 | _a320 | ||
| 245 |
_aUnderstanding the mahatma _ccompiled and edited by J.R. Kokandakar |
||
| 260 |
_aPune _bMaharashtra Gandhi Smarak Nidhi _c2018 |
||
| 270 |
_aSurvey No. 36, Gandhibhavan, Kothrud _bPune _e411038 _k02025385091 |
||
| 300 |
_a665p. _c21cm(pbk) |
||
| 700 |
_aKokandakar, J.R. _ecompiler |
||
| 942 |
_2ddc _cEN _h320 _mUND |
||